Aggressionen psychiatrischer Patienten in der Klinik. Eine 1-Jahres-Studie an vier psychiatrischen Landeskrankenhäusern

Saved in:  
Bibliographic Details
Contributors: Beck, M. (Other) ; Kehlmann, S. (Other) ; Vogel, W. D. (Other)
Format: Print Article
Language:German
Published: 1991
In: Psychiatrische Praxis
Year: 1991, Volume: 18, Issue: 5, Pages: 155-161
Check availability: HBZ Gateway
Keywords:

MARC

LEADER 00000caa a22000002c 4500
001 1640291180
003 DE-627
005 20220608131636.0
007 tu
008 160223s1991 xx ||||| 00| ||ger c
035 |a (DE-627)1640291180 
035 |a (DE-576)456107126 
035 |a (DE-599)BSZ456107126 
040 |a DE-627  |b ger  |c DE-627  |e rakwb 
041 |a ger 
245 0 0 |a Aggressionen psychiatrischer Patienten in der Klinik. Eine 1-Jahres-Studie an vier psychiatrischen Landeskrankenhäusern  |c T. Steinert, W. D. Vogel, M. Beck, S. Kehlmann 
264 1 |c 1991 
336 |a Text  |b txt  |2 rdacontent 
337 |a ohne Hilfsmittel zu benutzen  |b n  |2 rdamedia 
338 |a Band  |b nc  |2 rdacarrier 
700 1 |a Beck, M.  |4 oth 
700 1 |a Kehlmann, S.  |4 oth 
700 1 |a Vogel, W. D.  |4 oth 
773 0 8 |i In  |t Psychiatrische Praxis  |d Stuttgart : Thieme, 1974  |g 18(1991), 5, Seite 155-161  |w (DE-627)12930848X  |w (DE-600)124981-2  |w (DE-576)014507811  |x 0303-4259  |7 nnas 
773 1 8 |g volume:18  |g year:1991  |g number:5  |g pages:155-161 
935 |a mkri 
951 |a AR 
ELC |b 1 
LOK |0 000 xxxxxcx a22 zn 4500 
LOK |0 001 330182353X 
LOK |0 003 DE-627 
LOK |0 004 1640291180 
LOK |0 005 20160223101552 
LOK |0 008 160208||||||||||||||||ger||||||| 
LOK |0 040   |a DE-21-110  |c DE-627  |d DE-21-110 
LOK |0 689   |a s  |a Psychiatrische Patienten 
LOK |0 689   |a s  |a Aggression 
LOK |0 852   |z Kein Bestand am IfK; Nachweis für KrimDok 
LOK |0 852   |a DE-21-110 
LOK |0 852 1  |m v  |9 00 
LOK |0 935   |a k110 
LOK |0 938   |k v 
LOK |0 939   |a 08-02-16  |b l01 
ORI |a SA-MARC-krimdoka001.raw